00463cam a2200169ua 4500001000400000008003900004020001800043040000900061082001100070245007200081250000900153260002900162300002500191653002300216653002700239700002700266800110420n ii |||gr||||Z||||||eng a81-203-2890-6 cMAIN a342.541 aIntroduction to the constitution of India.cBy Brij Kishore Sharma. a3rd. aNew Delhi.:bPHI,c2005. axxv, 384 p.:c20 cm. aPolitical science. aConstitution of India.1 aSharma, Brij Kishore.,